[Event "SRB-chT 1st League Men 2018"]
[Site "Valjevo"]
[Date "2018.09.08"]
[Round "9"]
[White "Nikolic, Predrag"]
[Black "Sedlak, Nikola"]
[Result "1/2-1/2"]
[WhiteElo "2584"]
[BlackElo "2587"]
[Annotator "TA"]
[PlyCount "82"]
[EventDate "2018.08.31"]
[EventType "team-tourn"]
[EventCountry "SRB"]
[SourceTitle "playchess.com"]
[Source "ChessBase"]
[SourceQuality "1"]

{[%evp 17,82,12,19,-4,0,0,10,4,4,-11,6,0,0,-6,12,12,25,6,27,23,16,20,29,18,26,31,30,16,28,19,39,24,12,7,21,21,15,0,0,0,0,0,0,0,0,0,37,0,0,0,0,0,0,0,0,0,0,0,0,0,0,0,0,0,0,0,0]} 1. d4 Nf6 2. c4 e6 3. Nf3 Bb4+ 4. Bd2 a5 5. g3 b6 6. Bg2 Bb7 7. O-O O-O 8. Nc3 Ne4 9. Nxe4 {E16: Queen's Indian: 4 g3 Bb7 5 Bg2 Bb4+} Bxe4 {LiveBook: 9 Games} 10. Ne1 (10. Rc1 {with more complications.} d5 11. a3 Bd6 12. cxd5 exd5 13. Bg5) (10. Rc1 Bxd2 11. Qxd2 d6 12. Qe3 Bb7 13. Qd3 Nc6 14. Rfd1 {0-1 (28) Deac,B (2566)-Ivanchuk,V (2729) Medias 2017}) 10... Bxg2 11. Nxg2 Nc6 $146 ({Predecessor:} 11... f5 12. Be3 Be7 13. d5 Na6 14. dxe6 dxe6 15. Nf4 Qc8 16. Nd3 Bf6 {0-1 (30) Leutwyler,M (2230)-Kelecevic,N (2465) Zuerich 1993}) 12. Bf4 Re8 13. d5 Ne7 14. d6 cxd6 15. Bxd6 Bxd6 16. Qxd6 Nf5 17. Qd2 Qc7 18. Rac1 Red8 19. Rfd1 Qe5 20. Rc3 h6 21. Ne3 Nxe3 22. Rxe3 Qc5 23. b3 b5 24. cxb5 Qxb5 25. Rd3 d5 26. e4 {[%cal Re4d5]} Rd6 27. exd5 (27. Rd4 {is interesting.} Rad8 28. Kg2 Qb6 29. Qf4 R8d7 30. h4) 27... Rad8 28. Qc3 Rxd5 29. Rxd5 Rxd5 30. Rxd5 exd5 $11 {[%mdl 4096] Endgame KQ-KQ} 31. a4 Qa6 32. h4 g6 {The position is equal.} 33. Qd2 Qb7 34. Qxa5 {[#] Qb5 is the strong threat.} Qxb3 35. Qd8+ Kg7 36. a5 Qc4 37. Qd6 d4 $1 {[%cal Bd5d4,Bd4d3][%mdl 32]} 38. a6 d3 $1 39. a7 Qc1+ 40. Kg2 Qa1 41. Qxd3 Qxa7 {Precision: White = 54%, Black = 69%.} 1/2-1/2

[Event "SRB-chT 1st League Men 2018"]
[Site "Valjevo"]
[Date "2018.09.09"]
[Round "10"]
[White "Yilmaz, Mustafa"]
[Black "Banusz, Tamas"]
[Result "1/2-1/2"]
[WhiteElo "2633"]
[BlackElo "2618"]
[Annotator "TA"]
[PlyCount "32"]
[EventDate "2018.08.31"]
[EventType "team-tourn"]
[EventCountry "SRB"]
[SourceTitle "playchess.com"]
[Source "ChessBase"]
[SourceQuality "1"]

{[%evp 14,15,18,8]} 1. d4 d5 2. c4 c6 3. cxd5 cxd5 4. Bf4 Nf6 5. Nc3 Nc6 6. e3 Bf5 7. Nf3 e6 8. Qb3 {Predecessor:} Bb4 $146 9. Ne5 Qb6 10. Nxc6 bxc6 11. Be2 Ne4 12. f3 Nxc3 13. bxc3 Be7 14. c4 Qxb3 15. axb3 Bb4+ 16. Kf2 a5 {1-0 (52) Rakhmanov,A (2629)-Shirov,A (2631) Linares 2018} 1/2-1/2

[Event "SRB-chT 1st League Men 2018"]
[Site "Valjevo"]
[Date "2018.09.09"]
[Round "10"]
[White "Vuckovic, Bojan"]
[Black "Roganovic, Milos"]
[Result "1/2-1/2"]
[WhiteElo "2588"]
[BlackElo "2527"]
[Annotator "TA"]
[PlyCount "117"]
[EventDate "2018.08.31"]
[EventType "team-tourn"]
[EventCountry "SRB"]
[SourceTitle "playchess.com"]
[Source "ChessBase"]
[SourceQuality "1"]

{[%evp 19,117,23,55,38,55,53,72,56,68,43,32,38,37,27,16,27,18,37,31,29,47,0,0,0,0,0,7,9,12,0,2,0,2,3,18,18,19,17,35,25,32,37,36,25,47,52,54,31,33,26,28,28,38,16,28,5,17,-1,0,0,0,0,0,-8,-8,-8,-8,-13,-11,-15,-7,-20,-8,-8,-8,-8,0,0,0,0,0,0,0,-8,0,0,0,0,0,0,0,0,0,0,0,0,0,0,0,0]} 1. e4 c5 2. Nf3 Nc6 3. Bb5 g6 4. Bxc6 bxc6 5. O-O Bg7 6. Re1 Nh6 7. c3 O-O 8. h3 f6 9. d4 cxd4 10. cxd4 d5 {LiveBook: 3 Games. B31: Sicilian: 2...Nc6 3 Bb5 g6} (10... Nf7 11. Nc3 d6 12. b3 Qa5 13. Bd2 Qb6 14. Rc1 Rb8 15. Qc2 Bd7 16. Bf4 Ng5 17. Nxg5 fxg5 18. Be3 Qa5 19. Qe2 h6 20. Red1 {½-½ (78) Bacrot,E (2714)-Moiseenko,A (2699) Tromsoe 2013}) 11. Nc3 Nf7 12. b3 Re8 $146 {White is slightly better.} ({Predecessor:} 12... Bb7 13. Ba3 Re8 14. Qd2 e5 15. dxe5 fxe5 16. Rad1 Bh6 17. Qc2 Qa5 18. Na4 Rad8 {½-½ (27) Haug,J (2252)-Radnai,A (2327) Heviz 2015}) 13. Bb2 dxe4 14. Nxe4 Be6 15. Nc5 Bd5 16. Ne6 Qd6 17. Nxg7 Kxg7 18. Nd2 Qf4 19. Nc4 Rad8 20. Qg4 (20. Ne3 {with more complications.} e5 21. dxe5 Nxe5 22. Qc2 Be4 23. Bxe5 Qxe5 24. Qc1) 20... Qxg4 21. hxg4 Bxc4 22. bxc4 Rb8 23. Ba3 e5 24. Bc5 a6 25. Rad1 exd4 26. Bxd4 Rxe1+ 27. Rxe1 $11 {[%mdl 4096] Endgame KRB-KRN} Rd8 28. Re4 h5 29. Rf4 Rd6 30. gxh5 gxh5 31. Kf1 Kg6 32. c5 Re6 33. Be3 Ne5 34. Ra4 Ng4 35. Bf4 Kf5 36. Bd6 Ne5 37. Ra3 Nc4 {The position is equal.} 38. Rd3 Ke4 39. Rd1 Nb2 40. f3+ Kf5 41. g4+ hxg4 42. fxg4+ Ke4 ({Avoid the trap} 42... Kxg4 $2 43. Rd2 $18) 43. Rb1 Nd3 {And now ...Kf3 would win.} 44. Kg2 Kd4 45. Rd1 Re1 46. Rxe1 Nxe1+ {KB-KN} 47. Kg3 Nd3 48. Be7 Ke5 49. Kf3 Nb4 50. Bd6+ Ke6 51. a3 Nc2 52. a4 Nb4 53. Ke4 Nd5 54. Kd4 Kf7 55. Bg3 Kg6 56. Bh4 Kf7 57. Bg3 Kg6 58. Bh4 Kf7 59. Ke4 {Precision: White = 65%, Black = 60%.} 1/2-1/2

[Event "SRB-chT 1st League Men 2018"]
[Site "Valjevo"]
[Date "2018.09.09"]
[Round "10"]
[White "Sedlak, Nikola"]
[Black "Tadic, Branko"]
[Result "1-0"]
[WhiteElo "2587"]
[BlackElo "2463"]
[Annotator "TA"]
[PlyCount "71"]
[EventDate "2018.08.31"]
[EventType "team-tourn"]
[EventCountry "SRB"]
[SourceTitle "playchess.com"]
[Source "ChessBase"]
[SourceQuality "1"]

{[%evp 18,71,11,0,10,5,7,-7,0,0,12,0,3,0,33,27,29,32,48,43,56,39,56,55,51,26,74,66,54,40,54,41,93,93,94,104,90,45,133,127,352,332,497,504,487,513,502,533,1156,1147,1134,1050,1374,1272,5614,5597]} 1. d4 d5 2. Nf3 Nf6 3. c3 c6 4. Bf4 Qb6 5. Qb3 Bf5 6. e3 {D02: 1 d4 d5 2 Nf3 sidelines, including 2...Nf6 3 g3 and 2...Nf6 3 Bf4} h6 7. h3 Nbd7 8. Nbd2 e6 9. Be2 Be7 (9... Ne4 10. O-O Nxd2 11. Nxd2 Be7 12. c4 Qxb3 13. axb3 Bb4 {½-½ (63) Kamsky,G (2741)-Nguyen,N (2625) Khanty-Mansiysk 2013}) 10. O-O {LiveBook: 21 Games} Ne4 11. Nxe4 Bxe4 12. Nd2 Bh7 13. c4 O-O 14. Rfc1 $146 ({Predecessor:} 14. cxd5 exd5 15. Bd3 Nf6 16. Bxh7+ Nxh7 {½-½ (45) Baloutsou,V (2045)-Karlovich,A (2155) Athens 2004}) 14... Rfe8 15. a3 Bf8 16. Qc3 a5 17. c5 Qd8 18. b4 {[%cal Bb2b4,Bb4b5][%mdl 32]} a4 19. Nf3 f6 20. Bh2 Qe7 21. Bd3 g5 22. b5 $36 {[%mdl 2048] White has the initiative.} e5 23. Bxh7+ Qxh7 24. Qb4 exd4 (24... Qg7 $14) 25. exd4 $16 f5 26. bxc6 bxc6 27. Bd6 Rec8 ({Black should try} 27... g4 $1 $14 28. hxg4 fxg4) 28. Re1 f4 $2 {[#]} (28... Qf7 $16 29. Rab1 Ra7) 29. Re6 $18 Bxd6 (29... Qf7 {was necessary.}) 30. cxd6 {[%cal Bc5d6,Bd6d7][%mdl 32] White is clearly winning.} ({Weaker is} 30. Rxd6 Rcb8 $18) 30... Rab8 31. Qxa4 Nf8 32. Re7 Rb1+ 33. Kh2 Rxa1 34. Rxh7 Nxh7 35. d7 Rb8 36. Qxc6 {Precision: White = 72%, Black = 26%.} 1-0

[Event "SRB-chT 1st League Men 2018"]
[Site "Valjevo"]
[Date "2018.09.09"]
[Round "10"]
[White "Indjic, Aleksandar"]
[Black "Predojevic, Borki"]
[Result "1-0"]
[WhiteElo "2585"]
[BlackElo "2624"]
[Annotator "TA"]
[PlyCount "83"]
[EventDate "2018.08.31"]
[EventType "team-tourn"]
[EventCountry "SRB"]
[SourceTitle "playchess.com"]
[Source "ChessBase"]
[SourceQuality "1"]

{[%evp 21,83,20,0,0,0,0,0,0,15,6,43,32,67,25,33,23,28,27,31,30,55,0,0,0,0,6,4,-11,0,0,0,0,13,0,0,0,0,0,38,33,32,18,15,19,48,36,58,50,61,64,61,59,54,54,53,28,358,358,329,344,306,300,295,295]} 1. d4 Nf6 2. c4 e6 3. Nc3 Bb4 4. Qc2 d5 5. cxd5 exd5 6. Bg5 {[%cal Bc1g5,Bg5h4,Bh4g3][%mdl 32]} h6 7. Bh4 Nc6 {E35: Nimzo-Indian: Classical: 4...d5 5 cxd5 exd5} (7... c5 8. dxc5 O-O 9. e3 Be6 10. Nf3 Nbd7 11. Be2 Rc8 12. c6 bxc6 13. O-O Qa5 14. Nd4 Bd6 15. Rfd1 Rfe8 {0-1 (75) Vidit,S (2718)-Le,Q (2728) Danzhou 2018}) 8. e3 g5 9. Bg3 h5 10. Bb5 h4 11. Be5 O-O {LiveBook: 5 Games} 12. Bxf6 Qxf6 13. h3 Ne7 14. Nf3 c5 15. dxc5 Bf5 $146 16. Bd3 Rac8 17. Nd4 {[%cal Rd3f5]} Bd7 18. O-O Bxc5 19. Qe2 Kg7 20. f4 Rce8 21. Qh5 {[%csl Gd3][%cal Rh5h7]} Rh8 22. Qxg5+ Qxg5 23. fxg5 Nc6 24. Na4 Bxd4 25. exd4 Nxd4 26. Nc5 Bc8 27. Rf4 Ne2+ 28. Bxe2 $1 Rxe2 29. Raf1 Re7 (29... Be6 $5) 30. Nb3 $36 {[%mdl 2048] White is pushing.} Rh5 31. Nd4 Rxg5 {White should prevent ...Bxh3.} 32. Rxh4 b6 33. Kf2 Bf5 34. Rf4 Be4 35. g4 f5 36. Kg3 {[%cal Rf4f5]} fxg4 37. hxg4 Rg6 38. Rc1 Rh6 $2 {[%mdl 8192] [#]} (38... Rf6 $11 {and Black has nothing to worry.}) 39. Rxe4 $1 $18 {[%mdl 512]} Rxe4 (39... dxe4 40. Nf5+) 40. Nf5+ {White has a decisive advantage.} Kg6 {Hoping for ...Rh8.} 41. Rc6+ ({And not} 41. Nxh6 Kxh6 42. Rc7 Re2 $11) 41... Kg5 42. Nxh6 {Precision: White = 75%, Black = 50%.} 1-0

[Event "SRB-chT 1st League Men 2018"]
[Site "Valjevo"]
[Date "2018.09.09"]
[Round "10"]
[White "Ivanisevic, Ivan"]
[Black "Pavlovic, Milos"]
[Result "1-0"]
[WhiteElo "2578"]
[BlackElo "2482"]
[Annotator "TA"]
[PlyCount "91"]
[EventDate "2018.08.31"]
[EventType "team-tourn"]
[EventCountry "SRB"]
[SourceTitle "playchess.com"]
[Source "ChessBase"]
[SourceQuality "1"]

{[%evp 12,91,12,6,20,16,46,47,54,54,52,8,14,18,18,11,14,13,21,13,16,16,16,5,12,10,22,10,10,11,12,5,6,8,32,6,30,17,12,0,0,0,0,0,4,8,63,63,143,124,137,130,143,127,143,151,224,217,242,182,597,611,614,610,604,596,591,591,574,484,484,484,484,484,484,484,682,653,1701,1711,2687,2344]} 1. d4 e6 2. c4 Nf6 3. Nc3 Bb4 4. Bd2 O-O 5. e3 c5 6. a3 {E46: Nimzo-Indian: Rubinstein: 4 e3 0-0 5 Ne2 without early Bd3} Bxc3 7. Bxc3 {LiveBook: 4 Games} cxd4 (7... Ne4 8. Rc1 b6 9. Nf3 Bb7 10. Be2 d6 11. b3 Nxc3 12. Rxc3 Qe7 13. O-O Nd7 {1-0 (64) Shyam,S (2527)-Sadhwani,R (2409) Pardubice 2018}) 8. Qxd4 {The position is equal.} d5 9. cxd5 exd5 10. Bd3 Nc6 11. Qh4 $146 {Bxf6 is the strong threat.} ({Predecessor:} 11. Qf4 d4 12. exd4 Bg4 13. f3 Bh5 {½-½ (48) Kolanek,R (1916)-Reede,A (1706) LSS email 2014}) 11... Ne4 12. Qxd8 Rxd8 13. Bxe4 dxe4 14. Ne2 Be6 15. Ng3 f5 16. Nh5 Rd7 17. O-O Rad8 18. h4 Bb3 19. Kh2 Re7 20. Ng3 Rd5 21. Rfc1 g6 22. Ne2 Rdd7 23. a4 Kf7 24. Kg3 h6 25. Ra3 Be6 26. b4 $36 {[%cal Bb2b4,Bb4b5][%mdl 2080] Black is under pressure.} Re8 27. b5 Ne7 28. Bd4 b6 (28... g5 $11) 29. a5 $14 g5 (29... Nd5 $14) 30. axb6 $16 axb6 31. Bxb6 Rb8 32. Bc5 f4+ 33. Kh2 $1 Nf5 (33... Rxb5 $16 34. Nd4 (34. exf4 gxh4 35. Bxe7 Rxe7 $16) 34... Rb2) 34. b6 Rd2 35. Nd4 ({Stronger than} 35. exf4 Rxe2 36. Ra7+ Kg6 $11) 35... Nxh4 $2 (35... Nxd4 {is more resistant.} 36. Bxd4 Rxd4) 36. Ra7+ $18 {White is clearly winning.} Kf6 37. Be7+ Kg6 38. Nxe6 fxe3 39. Rc6 exf2 40. Ng7+ Kxg7 {[#]} 41. Bd6+ $1 Kg6 42. Bxb8+ Kh5 {[#]} 43. Ra1 $1 e3 (43... Rb2 $142 44. Re6 Nf3+ 45. Kh3 Ng1+ 46. Kg3 Ne2+ 47. Kh2 Nd4) 44. Kh3 {[%csl Gh3][%cal Rg2g4]} g4+ 45. Kg3 {White wants to mate with Ra5+.} Rd5 46. Rh1 {Precision: White = 75%, Black = 35%.} 1-0

[Event "SRB-chT 1st League Men 2018"]
[Site "Valjevo"]
[Date "2018.09.09"]
[Round "10"]
[White "Zajic, Milan"]
[Black "Svetushkin, Dmitry"]
[Result "*"]
[WhiteElo "2497"]
[BlackElo "2580"]
[Annotator "TA"]
[PlyCount "45"]
[EventDate "2018.08.31"]
[EventType "team-tourn"]
[EventCountry "SRB"]
[SourceTitle "playchess.com"]
[Source "ChessBase"]
[SourceQuality "1"]

{[%evp 33,45,21,23,30,30,6,24,33,40,35,21,22,20,20]} 1. e4 c6 2. d4 d5 3. Nd2 dxe4 4. Nxe4 Bf5 5. Ng3 Bg6 6. h4 h6 7. Nf3 Nd7 8. h5 Bh7 9. Bd3 Bxd3 10. Qxd3 e6 11. Bd2 Ngf6 12. O-O-O Be7 13. Kb1 c5 {B19: Caro-Kann (Hauptvariante)} 14. Ne4 Rc8 15. dxc5 Nxc5 16. Nxc5 Bxc5 17. Qb5+ Qd7 {LiveBook: 3 Partien} 18. Qe2 {[#] Lxh6! ist eine echte Drohung.} Qc7 19. Bc3 (19. g4 $5) 19... Be7 20. g4 Qc4 21. Qxc4 Rxc4 {[#]} 22. Ne5 $146 Rc7 23. Bd4 *

[Event "SRB-chT 1st League Men 2018"]
[Site "Valjevo"]
[Date "2018.09.09"]
[Round "10"]
[White "Mastrovasilis, Athanasios"]
[Black "Miladinovic, Igor"]
[Result "1/2-1/2"]
[WhiteElo "2496"]
[BlackElo "2545"]
[Annotator "TA"]
[PlyCount "49"]
[EventDate "2018.08.31"]
[EventType "team-tourn"]
[EventCountry "SRB"]
[SourceTitle "playchess.com"]
[Source "ChessBase"]
[SourceQuality "1"]

{[%evp 18,49,23,20,33,0,0,0,13,0,0,0,0,0,0,-3,0,0,0,0,0,0,0,0,0,0,0,1,12,16,20,15,17,13]} 1. d4 d5 2. Nf3 Bf5 3. c4 e6 4. Nc3 Nc6 5. cxd5 exd5 6. Bf4 {D06: Queen's Gambit: Symmetrical and Baltic Defences} Bd6 7. Nxd5 Be4 8. Bxd6 Qxd6 9. Nc3 Bxf3 10. gxf3 {LiveBook: 8 Games} Qxd4 11. Qxd4 (11. Qb3 {is interesting.} Rd8 12. Rd1 Qc5 13. Rxd8+ Nxd8 14. Bg2) (11. e3 Qf6 12. Nd5 Qd6 13. Qb3 {½-½ (60) Aronian,L (2795)-Li,C (2746) Moscow 2016}) 11... Nxd4 {The position is equal.} 12. O-O-O Ne6 13. e3 Nf6 {[#]} 14. Rg1 $146 ({Predecessor:} 14. f4 g6 15. Bc4 Ke7 16. b4 Rhd8 17. f3 c6 18. a3 Rxd1+ 19. Rxd1 Rd8 20. Re1 b5 {½-½ (20) Bai,J (2560)-Bao,Q (2343) Basel 2017}) 14... Ke7 15. f4 g6 16. Bg2 c6 17. Bf3 a5 18. Kc2 a4 19. b4 axb3+ 20. axb3 Nd7 21. Ra1 f5 22. b4 Rxa1 23. Rxa1 Kd6 24. h4 Nf6 25. Rd1+ {Precision: White = 43%, Black = 83%.} 1/2-1/2

[Event "SRB-chT 1st League Men 2018"]
[Site "Valjevo"]
[Date "2018.09.09"]
[Round "10"]
[White "Stojanovic, Dalibor"]
[Black "Berkes, Ferenc"]
[Result "1/2-1/2"]
[WhiteElo "2492"]
[BlackElo "2678"]
[Annotator "TA"]
[PlyCount "51"]
[EventDate "2018.08.31"]
[EventType "team-tourn"]
[EventCountry "SRB"]
[SourceTitle "playchess.com"]
[Source "ChessBase"]
[SourceQuality "1"]

{[%evp 17,51,5,27,6,14,12,13,19,21,9,20,15,25,10,20,4,5,5,20,8,12,10,18,23,32,0,24,21,26,0,9,14,56,59,48,56]} 1. e4 c6 2. d4 d5 3. Nc3 dxe4 4. Nxe4 Nf6 5. Nxf6+ exf6 6. Bc4 Bd6 7. Qe2+ Qe7 8. Qxe7+ Kxe7 9. Ne2 Be6 {LiveBook: 18 Games} 10. Bb3 {B15: Caro-Kann: 3 Nc3: 3...g6 and 3...dxe4 4 Nxe4 Nf6 5 Nxf6+ exf6} (10. Bd3 Nd7 11. Bf4 Nb6 12. Bxd6+ {½-½ (12) Sokolov,A (2489)-Fressinet,L (2651) Brest 2018}) 10... a5 11. Bf4 $146 a4 12. Bxe6 {The position is equal.} fxe6 13. O-O-O Nd7 14. Rhe1 Rhe8 15. Bxd6+ Kxd6 16. Nc3 f5 17. a3 b5 18. Na2 g5 19. Nb4 Rac8 20. Nd3 Re7 21. Ne5 Nb6 22. Rd3 Nd5 23. g3 g4 24. c4 bxc4 25. Nxc4+ Kc7 26. Rd2 {Precision: White = 51%, Black = 73%.} 1/2-1/2

[Event "SRB-chT 1st League Men 2018"]
[Site "Valjevo"]
[Date "2018.09.09"]
[Round "10"]
[White "Strikovic, Aleksa"]
[Black "Kovacevic, Aleksandar"]
[Result "1/2-1/2"]
[WhiteElo "2483"]
[BlackElo "2483"]
[Annotator "TA"]
[PlyCount "23"]
[EventDate "2018.08.31"]
[EventType "team-tourn"]
[EventCountry "SRB"]
[SourceTitle "playchess.com"]
[Source "ChessBase"]
[SourceQuality "1"]

{[%evp 20,21,26,17]} 1. Nf3 c5 2. c4 Nc6 3. g3 g6 4. Bg2 Bg7 5. O-O e6 6. Nc3 Nge7 7. e3 O-O 8. d4 cxd4 9. Nxd4 Nxd4 10. exd4 d5 {A36: Symmetrical English vs ...g6: 4 Bg2 Bg7} 11. cxd5 {LiveBook: 316 Games} {Predecessor:} Nxd5 $146 12. Nxd5 {½-½ (12) Kunte,A (2485)-Jojua,D (2583) Abu Dhabi 2018} 1/2-1/2

[Event "SRB-chT 1st League Men 2018"]
[Site "Valjevo"]
[Date "2018.09.09"]
[Round "10"]
[White "Miljkovic, Miroslav D"]
[Black "Drazic, Sinisa"]
[Result "1-0"]
[WhiteElo "2474"]
[BlackElo "2401"]
[Annotator "TA"]
[PlyCount "101"]
[EventDate "2018.08.31"]
[EventType "team-tourn"]
[EventCountry "SRB"]
[SourceTitle "playchess.com"]
[Source "ChessBase"]
[SourceQuality "1"]

{[%evp 14,101,62,50,64,32,95,92,97,86,94,67,72,42,52,47,77,44,48,29,35,35,37,33,33,19,34,0,0,0,27,0,1,0,3,0,8,0,0,0,0,0,0,0,0,-7,21,23,22,15,22,15,300,15,239,15,250,0,23,-25,29,0,30,24,34,24,27,0,37,33,53,62,95,129,350,363,644,633,626,612,1254,1235,2068,2059,2384,2305,2431,2455,29970,6943]} 1. d4 d6 2. Nf3 Nf6 3. c4 Nbd7 4. Nc3 e5 5. e4 Be7 6. Be2 c6 7. O-O O-O 8. Be3 a5 {A55: Old Indian Defence with Nf3 and e4} (8... Ng4 9. Bd2 Ngf6 10. d5 a6 11. b4 cxd5 12. cxd5 b5 13. a4 bxa4 14. Qxa4 Bb7 15. Rfc1 Qb8 16. h3 Rc8 {1-0 (30) Huzman,A (2577)-Khismatullin,D (2617) St Petersburg 2016}) 9. d5 c5 (9... Ng4 $14) 10. Ne1 Ne8 $146 {White is better.} ({Predecessor:} 10... Re8 11. Nd3 Nf8 12. b3 b6 13. a3 Ng6 14. f3 Bd7 15. b4 Qc7 16. bxc5 bxc5 {1-0 (43) Potpara,N (2290)-Milutinovic,D (2082) Belgrade 2014}) 11. f3 g6 12. Nd3 f5 13. a3 f4 14. Bf2 {[%cal Be3f2,Bf2e1,Be1c3][%mdl 32]} h5 15. b4 b6 $1 16. bxa5 bxa5 17. Rb1 g5 18. Be1 Rf7 19. Nf2 Nef6 20. h3 Rg7 21. Na4 Qc7 22. Bc3 Bd8 23. Qd2 Qa7 24. Rb5 Nf8 25. Rfb1 g4 26. fxg4 hxg4 27. hxg4 Qe7 28. Qd1 N6d7 29. Be1 Qf7 30. R5b3 Qg6 31. Bf3 Ra7 32. Nc3 Nh7 $2 {[%mdl 8192] [#]} (32... Ra8 $11) 33. Kf1 $2 (33. Rb8 $1 $18 {[%cal Rb8c8][%mdl 512]} Nxb8 34. Rxb8) 33... Ng5 $2 {[#]} (33... Qe8 $11 {and Black has nothing to worry.}) 34. a4 $2 ({White must play} 34. Rb8 $1 $18 {[%cal Rb8c8][%mdl 512]} Nxb8 35. Rxb8) 34... Rh7 $2 {[#]} (34... Qe8 $11 {and Black stays safe.}) 35. Ne2 $2 ({Only move:} 35. Rb8 $1 $18 {[%cal Rb8c8][%mdl 512]} Nxb8 36. Rxb8) 35... Ra6 36. Qc2 Qh6 ({Black should try} 36... Nb6) 37. Rb5 (37. Rb8 $5 Nxb8 38. Rxb8 $14) 37... Kf8 38. Ng1 $36 {[%mdl 2048] White has good play.} Qh2 39. R1b3 Ra8 $1 {next ...Ba6 is good for Black.} 40. Rb1 Kf7 41. R5b3 Kg6 42. Be2 Bc7 43. Nfh3 Qh1 $2 (43... Bd8 $16) 44. Nxg5 $18 Kxg5 $2 (44... Rh2 45. Bf3 Kxg5) 45. Rh3 Rxh3 46. gxh3 Ba6 47. Bf3 Bxc4+ 48. Qxc4 Qh2 49. Bg2 Kg6 50. Nf3 Nb6 51. Rxb6 {Precision: White = 43%, Black = 34%.} 1-0

[Event "SRB-chT 1st League Men 2018"]
[Site "Valjevo"]
[Date "2018.09.09"]
[Round "10"]
[White "Kosic, Dragan"]
[Black "Savic, Miodrag R"]
[Result "1/2-1/2"]
[WhiteElo "2465"]
[BlackElo "2506"]
[Annotator "TA"]
[PlyCount "93"]
[EventDate "2018.08.31"]
[EventType "team-tourn"]
[EventCountry "SRB"]
[SourceTitle "playchess.com"]
[Source "ChessBase"]
[SourceQuality "1"]

{[%evp 19,93,0,0,0,0,0,0,-16,0,-19,0,-24,-19,-50,-13,-37,0,-20,16,0,19,8,45,34,57,51,83,90,79,86,87,92,85,89,97,76,82,85,88,102,131,112,129,116,155,157,189,190,193,171,270,266,245,157,217,197,167,0,80,81,157,61,56,62,89,71,70,32,45,4,8,0,49,0,12,0]} 1. d4 Nf6 2. Nf3 e6 3. e3 d5 4. Bd3 c5 5. b3 Nc6 6. O-O b6 {D05: Colle System with ...e6} (6... Be7 7. Bb2 O-O 8. Nbd2 b6 9. a3 Bb7 10. Qe2 Qc7 11. Rac1 Rac8 12. c4 dxc4 13. bxc4 cxd4 14. exd4 Rfe8 15. Rfe1 Qb8 16. Ne4 Na5 17. Neg5 Qf4 18. Nxe6 fxe6 19. Qxe6+ {0-1 (33) Mamedyarov,S (2808)-Nakamura,H (2769) Paris 2018}) 7. Bb2 Bb7 8. c4 cxd4 9. exd4 Bd6 10. Nc3 O-O {LiveBook: 3 Games} 11. Re1 dxc4 12. bxc4 Ne7 {[%cal Bc6e7,Be7g6,Bg6f4][%mdl 32]} 13. Ne5 {[#]} Ng6 $146 ({Predecessor:} 13... Rc8 14. Re3 {0-1 (29) Kosic,D (2517)-Cori Tello,J (2609) Baku 2016}) 14. Re3 a6 15. Rb1 Qc7 16. Na4 Rad8 ({But not} 16... Nxe5 $2 17. dxe5 Qc6 18. Rf3 $18) (16... b5 $5 17. cxb5 axb5 18. Bxb5 Rfc8 $15) 17. Qb3 Nf4 (17... b5 $5 18. cxb5 axb5 19. Qxb5 Bxe5 20. dxe5 Ng4 $15) 18. Bf1 {[#]} b5 $1 {[%mdl 512]} 19. cxb5 axb5 20. Nc3 Qb8 21. Nxb5 Bd5 22. Qa4 $36 {[%mdl 2048] Black is under pressure.} Be7 23. Ba3 Bxa3 24. Qxa3 Qa8 25. Qxa8 Rxa8 26. a3 $1 Rfb8 27. g3 Ng6 28. Rc1 Ne8 29. Rec3 f6 30. Nd7 Rb7 31. Nc5 Rbb8 32. a4 Ne7 33. Re1 Kf7 {[#]} 34. Bh3 $1 {Threatens to win with Rce3.} Rb6 (34... Nf5 $142 35. Bxf5 exf5) 35. Rce3 $18 f5 {[%cal Bf6f5,Bf5f4][%mdl 32]} 36. Bf1 g5 (36... f4 $16 {is a better defense.}) 37. Nc3 Nc7 38. Nb5 $2 (38. Nxd5 $18 Nexd5 39. Re5) 38... Nxb5 (38... Ne8 $1 $11 {keeps the balance.}) 39. Bxb5 $16 {Hoping for Bd7.} Rd6 {[#]} ({Better is} 39... f4) 40. Nd7 (40. Bd7 $1 $16) 40... f4 41. Rc3 {Black must now prevent Rc7.} Nf5 42. Rd1 Ra7 43. Ne5+ Kf6 44. Ng4+ Kg7 45. Ne5 Kf6 46. Ng4+ Kg7 47. Ne5 {Precision: White = 48%, Black = 45%.} 1/2-1/2

[Event "SRB-chT 1st League Men 2018"]
[Site "Valjevo"]
[Date "2018.09.09"]
[Round "10"]
[White "Markovic, Miroslav"]
[Black "Lazic, Miroljub"]
[Result "1/2-1/2"]
[WhiteElo "2458"]
[BlackElo "2476"]
[Annotator "TA"]
[PlyCount "32"]
[EventDate "2018.08.31"]
[EventType "team-tourn"]
[EventCountry "SRB"]
[SourceTitle "playchess.com"]
[Source "ChessBase"]
[SourceQuality "1"]

{[%evp 14,15,0,14]} 1. e4 e5 2. Nf3 Nc6 3. Nc3 Nf6 4. Bc4 Nxe4 5. Nxe4 d5 6. Bd3 dxe4 7. Bxe4 Bd6 8. O-O {LiveBook: 35 Games} {Predecessor:} O-O $146 9. Re1 Bg4 10. h3 Bh5 11. g4 Bg6 12. d3 f5 13. gxf5 Bxf5 14. Bxf5 Rxf5 15. Be3 Bc5 16. Bxc5 Qd5 {0-1 (30) So,W (2780)-Mamedyarov,S (2801) Saint Louis 2018} 1/2-1/2